000 00262nam a2200109Ia 4500
001 588712
005 20250717120836.0
008 250717s9999 xx 000 0 und d
245 0 _aZ-1 KEL PAPAĞAN
_cAHMET TEZCAN
260 _bERDEM YAYINLARI
_c2020
300 _b96
999 _c588712
_d588712